| 000 | 01499nam a22002777a 4500 | ||
|---|---|---|---|
| 005 | 20210325191533.0 | ||
| 008 | s2541 th tha d | ||
| 020 | _a9742775311 | ||
| 041 | _atha | ||
| 090 | _aว JF1900 ว689ก 2541 | ||
| 100 | 0 | _aวิรัช วิรัชนิภาวรรณ | |
| 245 | 1 | 0 | _aการบริหารเมืองหลวงและการบริหารท้องถิ่นเปรียบเทียบ : อังกฤษ สหรัฐอเมริกา ฝรั่งเศส ญี่ปุ่น และไทย |
| 246 | _aComparative capital administrations and local governments : England, the United States of America, France, Japan and Thailand | ||
| 260 | 3 |
_aกรุงเทพฯ : _bโอเดียนสโตร์, _c2541 |
|
| 300 |
_a300 หน้า : _b แผนภูมิ, แผนที่, ตาราง ; _c 24 ซม. |
||
| 650 | 0 | 4 | _aเมืองหลวง -- การบริหาร -- วิจัย |
| 650 | 0 | 4 | _aการกระจายอำนาจ |
| 650 | 0 | 4 | _aเทศบาล |
| 650 | 0 | 4 | _aการบริหารท้องถิ่น |
| 650 | 0 | 4 | _aการบริหารรัฐกิจ -- ส่วนกลาง |
| 650 | 0 | 4 | _aการบริหารรัฐกิจ -- ส่วนภูมิภาค |
| 850 | _aNALT | ||
| 942 | _cRSH | ||
| 997 |
_c000000000028761 _kVC |
||
| 998 | _aBENJALUCK SUTTHIWILAI | ||
| 999 |
_c28761 _d28761 |
||